Responses for Show #918 - Wednesday, September 7, 1988

Contestants

[<< previous game]

Pat Sory, a computer analyst from Gambrills, Maryland

Ron Smith, a teacher from Riverside Illinois

Dave Prechtl, a warehouse manager from Rosemead, California (whose 3-day cash winnings total $29,200)

[next game >>]

Jeopardy! Round responses

GEOGRAPHY
RELIGIOUS LEADERS
FOLK SONGS
ANIMALS OF THE WORLD
TV TRIVIA
REAL ESTATE
    $100 1
maps

Ron
    $100 11
Egypt

Ron
    $100 20
(Alex: Minute to go.)

"For He's A Jolly Good Fellow"

Pat
    $100 16
Japan

Pat
    $100 4
her hat

Pat
    $100 26
[The end-of-round signal sounds.]

Fannie Mae

Ron
    $200 2
Asia

Dave
    $200 12
the Mennonites

Dave
    $200 21
Scotland

Ron
    $200 17
a rhesus monkey

Ron
    $200 5
Designing Women

Dave
    $300 3
Saudi Arabia

Pat
    $300 13
Henry VIII

Ron
    $300 23
The New Christy Minstrels

Ron
    $300 18
Thai (Siamese) fighting fish

Pat
    $300 8
John Ross

Dave
    $400 6
the British Commonwealth

Ron
    $1,000 14
(Ron: [Sighs] Okay... Uh...)
(Alex: Hurry.)
...
(Alex: That's a darned good guess, if it was a guess, the founder of the Mormon Tabernacle Choir is correct.)

Brigham Young

Ron
    $400 24
powder

Ron
    $400 19
(Alex: Sorry, Dave, you didn't ring in quickly enough.)

Spain

Triple Stumper
    $400 9
(Alex: Played by Kristy McNichol, correct.)

Buddy

Ron
    $500 7
Australia

Dave
    $500 15
Ignatius Loyola

Ron
    $500 25
(Dave: What is the way home?)

the way to Grandmother's house

DaveRon
    $500 22
a jaguar

Ron
    $500 10
The Life of Riley

Ron

Scores at the first commercial break (after clue 14):

Dave Ron Pat
$1,400 $2,800 $400

Scores at the end of the Jeopardy! Round:

Dave Ron Pat
$900 $5,500 $900

Double Jeopardy! Round responses

STARTS WITH "S"
WORLD LITERATURE
BALLERINAS
CHEMISTRY
AMERICAN HISTORY
UNREAL ESTATE
    $200 6
singing

Dave
    $200 21
the Sherlock Holmes stories (The Adventures of Sherlock Holmes)

Dave
    $200 1
[Pat selected the first clue.]

the New York City Ballet

Dave
    $200 19
uranium

Ron
    $200 8
New Orleans

Pat
    $200 26
[The end-of-round signal sounds.]

Never Never Land

Pat
    $400 7
a savannah

Ron
    $400 9
Frankenstein

Pat
    $400 2
the Bolshoi

Pat
    $400 12
(William) Seward

Ron
    $1,500 23
(Alex: Pat?)
...
(Alex: The "[*] P.T.A.", Jeannie C. Riley; less than a minute to go, Pat.)

Harper Valley

Pat
    $600 14
(Pat: What is survey?)

surveillance

DavePat
    $600 10
Hester Prynne

Dave
    $600 3
Margot Fonteyn

Dave
    $600 13
Susan B. Anthony

Pat
    $600 17
(1 of) Oceania (Eurasia or Eastasia)

Ron
    $800 15
sand dollars

Dave
    $800 11
C.S. Forester

Ron
    $800 4
The Turning Point

Dave
    $800 18
Johnstown

Pat
    $800 24
Amity

Pat
    $1000 16
a sarcophagus

Pat
    $1000 22
The Song of Roland (La Chanson de Roland)

Pat
    $1000 5
Natalia Makarova

Triple Stumper
    $1000 20
(Pat: Uh, what is the...)

(the Battle of) San Jacinto

RonPat
    $1000 25
Freedonia

Triple Stumper

Scores at the end of the Double Jeopardy! Round:

Dave Ron Pat
$4,900 $8,900 $6,200

[wagering suggestions for these scores]

Final Jeopardy! Round responses

PRESIDENTS
(Alex: And we're referring, of course, to U.S. presidents.)
(Alex: [To Dave] [*] is, of course, correct, referring to his first marriage to Jane Wyman.)
...
(Alex: ... so long. [Over the closing music] Who was the fourth one? [****].)
DaveWho are Cleveland & Reagan
$4,899
PatWho were Jackson & Reagan Ford
$6,189
RonWho were Jackson and Reagan
$3,550
(2 of) (Ronald) Reagan (Andrew) Jackson, (Gerald) Ford or (Warren) Harding

Final scores:

Dave Ron Pat
$1 $12,450 $12,389
3rd place: Magnavox 20" TV New champion: $12,450 2nd place: trip on Delta to San Francisco & stay at the Miyako Hotel

Game dynamics:

Coryat scores:

Dave Ron Pat
$4,900 $8,300 $5,100
13 R,
1 W
21 R
(including 1 DD),
0 W
15 R
(including 1 DD),
2 W

Combined Coryat: $18,300

[game clues] [game scores] [suggest correction]

Game tape date: 1988-07-18
The J! Archive is created by fans, for fans. Scraping, republication, monetization, and malicious use prohibited; this site may use cookies and collect identifying information. See terms. The Jeopardy! game show and all elements thereof, including but not limited to copyright and trademark thereto, are the property of Jeopardy Productions, Inc. and are protected under law. This website is not affiliated with, sponsored by, or operated by Jeopardy Productions, Inc. Join the discussion at JBoard.tv.